Замужество и как с ним бороться. Рецепты Хлои Живаго: роман; пер. с англ.

التفاصيل البيبلوغرافية
المؤلف الرئيسي: Лихтенштейн О. Оливия
الملخص:Куда после многих лет брака уходит пылкая любовь юности и можно ли ее вернуть? А главное, стоит ли ее возвращать? Английская писательни­ца Оливия Лихтенштейн с улыбкой говорит об очень серьезных вещах, создавая живой портрет современной женщины — сильной, уверенной в себе, но по-прежнему мечтающей о том, чтобы рядом был мужчина, готовый носить ее на руках. Читатель найдет в книге блестящее исследование человеческой приро­ды, сделанное с добротой и искрометным юмором, а кроме того — не­сколько эксклюзивных кулинарных рецептов.Куда после многих лет брака уходит пылкая любовь юности и можно ли ее вернуть? А главное, стоит ли ее возвращать? Английская писательни­ца Оливия Лихтенштейн с улыбкой говорит об очень серьезных вещах, создавая живой портрет современной женщины — сильной, уверенной в себе, но по-прежнему мечтающей о том, чтобы рядом был мужчина, готовый носить ее на руках.Читатель найдет в книге блестящее исследование человеческой приро­ды, сделанное с добротой и искрометным юмором, а кроме того — не­сколько эксклюзивных кулинарных рецептов.
اللغة:الروسية
منشور في: Москва, Иностранка, 2012
سلاسل:О чём мечтают женщины
الموضوعات:
التنسيق: كتاب
KOHA link:https://koha.lib.tpu.ru/cgi-bin/koha/opac-detail.pl?biblionumber=338020

MARC

LEADER 00000nam0a2200000 4500
001 338020
005 20231102005016.0
010 |a 9785389039476 
035 |a (RuTPU)RU\TPU\book\364508 
090 |a 338020 
100 |a 20171116d2012 m y0rusy50 ca 
101 1 |a rus  |c eng 
102 |a RU 
105 |a y z 000ay 
200 1 |a Замужество и как с ним бороться. Рецепты Хлои Живаго  |e роман  |e пер. с англ.  |f О. Лихтенштейн 
210 |a Москва  |c Иностранка  |d 2012 
215 |a 400 с. 
225 1 |a О чём мечтают женщины 
330 |a Куда после многих лет брака уходит пылкая любовь юности и можно ли ее вернуть? А главное, стоит ли ее возвращать? Английская писательни­ца Оливия Лихтенштейн с улыбкой говорит об очень серьезных вещах, создавая живой портрет современной женщины — сильной, уверенной в себе, но по-прежнему мечтающей о том, чтобы рядом был мужчина, готовый носить ее на руках. Читатель найдет в книге блестящее исследование человеческой приро­ды, сделанное с добротой и искрометным юмором, а кроме того — не­сколько эксклюзивных кулинарных рецептов.Куда после многих лет брака уходит пылкая любовь юности и можно ли ее вернуть? А главное, стоит ли ее возвращать? Английская писательни­ца Оливия Лихтенштейн с улыбкой говорит об очень серьезных вещах, создавая живой портрет современной женщины — сильной, уверенной в себе, но по-прежнему мечтающей о том, чтобы рядом был мужчина, готовый носить ее на руках.Читатель найдет в книге блестящее исследование человеческой приро­ды, сделанное с добротой и искрометным юмором, а кроме того — не­сколько эксклюзивных кулинарных рецептов. 
606 1 |a Английская литература  |2 stltpush  |3 (RuTPU)RU\TPU\subj\29042  |9 52454 
610 1 |a любовь 
610 1 |a женские романы 
675 |a 82  |v 4 
700 1 |a Лихтенштейн  |b О.  |g Оливия 
801 1 |a RU  |b 63413507  |c 20171116 
801 2 |a RU  |b 63413507  |c 20171122  |g RCR 
942 |c BK